Which Australian State/Territory… - Statistics

General Stats
  • This quiz has been taken 7 times
  • The average score is 21 of 26
Answer Stats
Hint Answer % Correct
…is Canberra the capital of? Australian Capital Territory
100%
…is the oldest and most populous state? New South Wales
100%
…is Sydney the capital of? New South Wales
100%
…has the highest percentage of aboriginal people? Northern Territory
100%
…is Uluru found in? Northern Territory
100%
…is Darwin the capital of? Northern Territory
100%
…is known as “the sunshine state”? Queensland
100%
…is the Great Barrier Reef found off the coast of? Queensland
100%
…is Brisbane the capital of? Queensland
100%
…is Hobart the capital of? Tasmania
100%
…is the second-smallest but second-most populous state? Victoria
100%
…covers about 1/3 of the Australian continent? Western Australia
100%
…is Perth the capital of? Western Australia
100%
…is completely surrounded by New South Wales? Australian Capital Territory
86%
…is Adelaide the capital of? South Australia
86%
…is separated from mainland Australia by the Bass Strait? Tasmania
86%
…is Melbourne the capital of? Victoria
86%
…is the most sparsely populated? Northern Territory
71%
…saw the most prosperity and a massive population boom following the 1850 gold rush? Victoria
71%
…was the site of Australia’s first British colony, established in 1788? New South Wales
57%
…has the oldest continually-surviving rainforest? Queensland
57%
…does not observe daylight savings time? Queensland
57%
…can you find the Huon Pine, which can commonly live up to 3,000 years? Tasmania
57%
…has the most crocodiles? Northern Territory
43%
…was founded in 1836 as a free settlement rather than a penal colony? South Australia
14%
…is over 60% protected land? Australian Capital Territory
0%
No matching quizzes found
Score Distribution
Percent of People with Each Score
Percentile by Number Answered
Your Score History
You have not taken this quiz